Wettbewerbsvorteile Spitzenleistungen erreichen und behaupten

Saved in:
Bibliographic Details
Main Author: Porter, Michael E.
Other Authors: Jaeger, Angelika
Format: Book
Language:German
Published: Frankfurt am Main Campus 1992
Edition:3. Aufl.
Subjects:
Tags: Add Tag
No Tags, Be the first to tag this record!

MARC

LEADER 00000nam a2200000 4500
001 c011039
005 20221206084902.1
020 |a 3-593-34144-1 
041 0 |a ger 
044 |a DE 
245 1 0 |a Wettbewerbsvorteile  |b Spitzenleistungen erreichen und behaupten  |c Michael E. Porter ; [Z angl. prel.] Angelika Jaeger 
250 |a 3. Aufl. 
264 1 |a Frankfurt am Main  |b Campus  |c 1992 
300 |a 688 s. 
610 2 0 |a konkurencia 
610 2 0 |a analýza nákladov 
610 2 0 |a technológia 
610 2 0 |a substitúcia 
610 2 0 |a stratégia podniková 
610 2 0 |a odvetvia činnosti ekonomickej 
610 2 0 |a výkony podnikové 
100 1 |a Porter, Michael E. 
700 1 |a Jaeger, Angelika